Normal view
MARC view
- RamChandra .
Entry Personal Name
001 - CONTROL NUMBER
- control field: 516
003 - CONTROL NUMBER IDENTIFIER
- control field: OSt
005 - DATE AND TIME OF LATEST TRANSACTION
- control field: 20160621115400.0
008 - FIXED-LENGTH DATA ELEMENTS
- fixed length control field: 160621|| aca||aabn | a|a d
040 ## - CATALOGING SOURCE
- Original cataloging agency: OSt
- Transcribing agency: OSt
100 ## - HEADING--PERSONAL NAME
- Personal name: RamChandra .
670 ## - SOURCE DATA FOUND
- Source citation: Work cat.: (OSt)13054: RamChandra ., Design of steel structures,-1 (Based on IS: 800-2007) (and so also on Newly Revised code IS: 883 -1994)(S.I. Units), 2011
